Statystyki dla Piłkarze Serie A, którzy strzelili gola na EURO 2020

Kliknij tutaj aby rozwiązać quiz!

Ogólne statystyki

  • Ten quiz został rozwiązany 214 razy
  • Średni wynik to 13 z 20

Statystyki odpowiedzi

ReprezentacjaKlubPiłkarzLiczba goli% Poprawnych
PortugaliaJuventusCristiano Ronaldo5
97%
BelgiaInterRomelu Lukaku4
97%
HiszpaniaJuventusAlvaro Morata3
87%
WłochyLazioCiro Immobile2
84%
PolskaTorinoKarol Linetty1
76%
WłochyNapoliLorenzo Insigne2
74%
WaliaJuventusAaron Ramsey1
72%
Macedonia PółnocnaGenoaGoran Pandev1
68%
ChorwacjaInterIvan Perisić2
68%
SłowajcaInterMilan Skriniar1
65%
NiemcyAtalantaRobin Gosens1
65%
WłochyJuventusFederico Chiesa2
64%
WłochySassuoloManuel Locatelli2
56%
WłochyJuventusLeonardo Bonucci1
55%
RosjaAtalantaAleksey Miranchuk1
48%
DaniaSampdoriaMikkel Damsgaard2
45%
WłochyInterNicolo Barella1
45%
DaniaAtalantaJoakim Maehle2
40%
ChorwacjaAtalantaMario Pasalić1
35%
WłochyAtalantaMatteo Pessina2
32%

Rozkład punktacji

Percentyl według liczby udzielonych odpowiedzi

Procent ludzi z każdym wynikiem

Twoja historia wyników

Nie rozwiązałeś tego quizu